[Event "Russian Cup Final 2014"]
[Site "Khanty-Mansiysk RUS"]
[Date "2014.11.17"]
[Round "1.1"]
[White "Khismatullin, Denis"]
[Black "Smirnov, Pavel"]
[Result "1-0"]
[WhiteTitle "GM"]
[BlackTitle "GM"]
[WhiteElo "2679"]
[BlackElo "2592"]
[WhiteFideId "4142578"]
[BlackFideId "4123425"]
[EventDate "2014.11.17"]

1. d4 d5 2. c4 e6 3. Nc3 c6 4. Nf3 Nf6 5. Bg5 dxc4 6. e4 b5 7. e5 h6 8. Bh4 g5
9. Nxg5 hxg5 10. Bxg5 Be7 11. exf6 Bxf6 12. Bxf6 Qxf6 13. g3 Bb7 14. Bg2 Na6 15.
Ne4 Qe7 16. O-O O-O-O 17. h4 c5 18. a4 Rxd4 19. Qe2 b4 20. Rfd1 Bd5 21. Ng5 Re8
22. Re1 Bxg2 23. Kxg2 e5 24. Rac1 Qb7+ 25. Kg1 Qd5 26. b3 e4 27. Red1 Rd3 28.
bxc4 Qd7 29. Kg2 Nc7 30. Rxd3 exd3 31. Qf3 f5 32. Rd1 Rd8 33. h5 b3 34. h6 b2
35. Rb1 d2 36. Rxb2 Qd6 37. Qxf5+ Ne6 38. Rxd2 Qxd2 39. Nxe6 Rh8 40. Nxc5+ 1-0

[Event "Russian Cup Final 2014"]
[Site "Khanty-Mansiysk RUS"]
[Date "2014.11.17"]
[Round "1.1"]
[White "Pridorozhni, Aleksei"]
[Black "Sjugirov, Sanan"]
[Result "1/2-1/2"]
[WhiteTitle "GM"]
[BlackTitle "GM"]
[WhiteElo "2533"]
[BlackElo "2673"]
[WhiteFideId "4127870"]
[BlackFideId "4189302"]
[EventDate "2014.11.17"]

1. e4 c5 2. Nf3 e6 3. d4 cxd4 4. Nxd4 a6 5. Bd3 Nf6 6. O-O Qc7 7. Qe2 d6 8. Kh1
Nbd7 9. f4 Be7 10. c4 b6 11. Nc3 O-O 12. e5 dxe5 13. fxe5 Nxe5 14. Bf4 Bd6 15.
Ne4 Nxe4 16. Bxe4 Ra7 17. Bxe5 Bxe5 18. Nc6 Bf6 19. Rad1 Be7 20. Nxa7 Qxa7 21.
Rd3 g6 22. g4 Qc7 23. b3 a5 24. Qd2 Qe5 25. Bg2 Qc5 26. Qf4 Bg5 27. Qe4 Be7 28.
Qf4 Bg5 29. Qb8 Be7 30. Qg3 Bd8 31. Rfd1 Bf6 32. Qe1 Be7 33. Qe2 Qg5 34. Bf3 Qc5
35. Qg2 Qc7 36. Be4 Bc5 37. Qb2 Qf4 38. Qg2 Qc7 39. Qd2 Be7 40. Bg2 Qe5 41. Re1
Qc5 42. Qb2 Qc7 43. Qd4 Bc5 44. Qf6 Be7 45. Qf2 Qc5 46. Qg3 Bf6 47. Rf1 Be7 48.
Be4 Qg5 49. Qg2 Bc5 50. Bb7 Bxb7 51. Qxb7 Qxg4 52. Rd7 Qe2 53. Rdxf7 Qxf1+ 54.
Rxf1 Rxf1+ 55. Kg2 Rf2+ 56. Kg3 Rxa2 57. Qb8+ Kf7 58. Qc7+ Kg8 59. Qb8+ 1/2-1/2

[Event "Russian Cup Final 2014"]
[Site "Khanty-Mansiysk RUS"]
[Date "2014.11.17"]
[Round "1.1"]
[White "Jakovenko, Dmitry"]
[Black "Kryakvin, Dmitry"]
[Result "1-0"]
[WhiteTitle "GM"]
[BlackTitle "GM"]
[WhiteElo "2745"]
[BlackElo "2548"]
[WhiteFideId "4122356"]
[BlackFideId "4153278"]
[EventDate "2014.11.17"]

1. Nf3 Nf6 2. c4 g6 3. Nc3 Bg7 4. e4 d6 5. d4 O-O 6. h3 e5 7. d5 a5 8. g4 Na6 9.
Be3 Nd7 10. a3 Nb6 11. Be2 Bd7 12. b3 Nc5 13. Rg1 Kh8 14. h4 f5 15. gxf5 gxf5
16. Ng5 a4 17. Bh5 h6 18. Nf7+ Rxf7 19. Bxf7 Qxh4 20. Bxc5 dxc5 21. Bg6 Rf8 22.
Ra2 Qh2 23. Rf1 f4 24. Qf3 axb3 25. Rb2 Qh4 26. Rxb3 Bg4 27. Qd3 f3 28. Rg1 h5
29. Nd1 Rf6 30. Bf5 Bxf5 31. exf5 e4 32. Qf1 Bh6 33. Ne3 Bxe3 34. Rxe3 Rxf5 35.
Kd1 Qf6 36. Rxe4 Qa1+ 37. Kd2 Qb2+ 38. Ke3 Qxa3+ 39. Qd3 Qxd3+ 40. Kxd3 Nd7 41.
Re8+ Nf8 42. Re7 Rf4 43. Rxc7 b6 44. Ke3 Rf5 45. Ke4 1-0

[Event "Russian Cup Final 2014"]
[Site "Khanty-Mansiysk RUS"]
[Date "2014.11.17"]
[Round "1.1"]
[White "Ulko, Jaroslav"]
[Black "Matlakov, Maxim"]
[Result "0-1"]
[WhiteTitle "IM"]
[BlackTitle "GM"]
[WhiteElo "2487"]
[BlackElo "2685"]
[WhiteFideId "4116658"]
[BlackFideId "4168003"]
[EventDate "2014.11.17"]

1. d4 Nf6 2. Nf3 d5 3. c4 e6 4. e3 Be7 5. Bd3 O-O 6. O-O dxc4 7. Bxc4 a6 8. Qe2
b5 9. Bd3 Bb7 10. e4 c5 11. dxc5 Nfd7 12. Rd1 Nxc5 13. Bxb5 Qc7 14. Bc4 Nxe4 15.
Nbd2 Nf6 16. b3 Nbd7 17. Bb2 Nd5 18. Rac1 Qf4 19. Ne4 N7f6 20. Ng3 Rfd8 21. Rd4
Qb8 22. Ne5 a5 23. Rh4 Qd6 24. Bd3 h6 25. Bb1 a4 26. bxa4 Rac8 27. Rxc8 Rxc8 28.
Rc4 Ra8 29. Qd1 Nb6 30. Rc1 Nxa4 31. Qxd6 Bxd6 32. Bd4 Nd5 33. Ne4 Ba3 34. Rd1
Nf4 35. Be3 Nd5 36. Bd2 Rc8 37. Re1 Rd8 38. Nc4 Bf8 39. Bc2 Nc5 40. Rb1 Ba6 41.
Ba5 Rc8 42. Nb6 Nxb6 43. Bxb6 Nd7 44. Bd1 Bd3 0-1

[Event "Russian Cup Final 2014"]
[Site "Khanty-Mansiysk RUS"]
[Date "2014.11.17"]
[Round "1.1"]
[White "Savchenko, Boris"]
[Black "Artemiev, Vladislav"]
[Result "0-1"]
[WhiteTitle "GM"]
[BlackTitle "GM"]
[WhiteElo "2598"]
[BlackElo "2660"]
[WhiteFideId "4147332"]
[BlackFideId "24101605"]
[EventDate "2014.11.17"]

1. e4 c5 2. Nf3 e6 3. d4 cxd4 4. Nxd4 a6 5. c4 Nf6 6. Nc3 Qc7 7. Be2 b6 8. f4
Bb7 9. e5 Ne4 10. Nxe4 Bxe4 11. O-O Nc6 12. Be3 Bc5 13. Bf3 Bxf3 14. Qxf3 O-O
15. Rad1 Ne7 16. b3 d6 17. exd6 Bxd6 18. Rd3 Bc5 19. Rfd1 Ng6 20. f5 exf5 21.
Nxf5 Rae8 22. Kh1 Bxe3 23. Rxe3 Re6 24. h3 b5 25. Rc1 bxc4 26. Rxc4 Qb6 27. Qg3
Qa5 28. Qf2 h6 29. Rce4 Rxe4 30. Rxe4 Rd8 31. Rd4 Re8 32. b4 Qe5 33. a4 Re6 34.
Qf3 Rf6 35. Rd5 Qe1+ 36. Kh2 Nh4 37. Qe3 Qxb4 38. Qe8+ Kh7 39. Rd4 Nf3+ 40. gxf3
Qb2+ 41. Kg3 Rxf5 42. Qe4 g6 43. Rd5 Qb8+ 44. Kg2 Rf4 45. Qc2 Rb4 46. Rd2 Qf4
47. Rd7 Qg5+ 48. Kf1 Qf6 49. Qd1 Qf5 50. Ke1 Qe6+ 51. Kf2 Rb2+ 52. Kg1 Qe3+ 53.
Kh1 Qf4 0-1

[Event "Russian Cup Final 2014"]
[Site "Khanty-Mansiysk RUS"]
[Date "2014.11.17"]
[Round "1.1"]
[White "Demchenko, Anton"]
[Black "Bukavshin, Ivan"]
[Result "1-0"]
[WhiteTitle "GM"]
[BlackTitle "GM"]
[WhiteElo "2596"]
[BlackElo "2629"]
[WhiteFideId "4160258"]
[BlackFideId "4199758"]
[EventDate "2014.11.17"]

1. e4 c5 2. Nf3 Nc6 3. Nc3 e6 4. d4 cxd4 5. Nxd4 Qc7 6. g3 a6 7. Bg2 Nf6 8. O-O
Bc5 9. Nxc6 dxc6 10. Na4 Ba7 11. c4 Nd7 12. b4 a5 13. b5 e5 14. Ba3 Bd4 15. Rc1
c5 16. Nc3 Nb6 17. Ne2 Be6 18. Nxd4 exd4 19. Qd3 O-O 20. f4 f6 21. Rfe1 Rac8 22.
Bf1 Na4 23. Qb3 Nb6 24. Qd3 g5 25. f5 Bf7 26. e5 fxe5 27. Rc2 Rce8 28. Bc1 Qe7
29. Qe4 Kh8 30. Bd3 Nd7 31. Qxb7 h6 32. Ba3 Bg8 33. Rce2 Qd6 34. Qc6 Rf6 35.
Qxd6 Rxd6 36. g4 Kg7 37. Kg2 Kf6 38. h4 gxh4 39. Bc1 e4 40. Bf4 Ne5 41. Bxe5+
Rxe5 42. Rxe4 Rxe4 43. Rxe4 Rd8 44. Kf3 Bf7 45. Kg2 h5 46. Kh3 Kg5 47. gxh5 Bxh5
48. Rxh4 Bf7 49. Kg3 Rb8 50. a4 Rd8 51. Rh2 Bh5 52. Rb2 Bd1 53. b6 Rb8 54. b7
Bxa4 55. Rb6 Bd1 56. Be4 a4 57. Rg6+ Kh5 58. Kf4 Be2 59. Rg2 1-0

[Event "Russian Cup Final 2014"]
[Site "Khanty-Mansiysk RUS"]
[Date "2014.11.17"]
[Round "1.1"]
[White "Goganov, Aleksey"]
[Black "Khairullin, Ildar"]
[Result "1/2-1/2"]
[WhiteTitle "GM"]
[BlackTitle "GM"]
[WhiteElo "2609"]
[BlackElo "2625"]
[WhiteFideId "24109959"]
[BlackFideId "4151348"]
[EventDate "2014.11.17"]

1. d4 Nf6 2. c4 e6 3. Nf3 d5 4. g3 Bb4+ 5. Bd2 Be7 6. Bg2 O-O 7. O-O c6 8. Bf4
Nbd7 9. Nc3 dxc4 10. e4 Re8 11. Re1 Nh5 12. Be3 Nhf6 13. h3 b5 14. d5 cxd5 15.
exd5 exd5 16. Nxd5 Bb7 17. Nxe7+ Rxe7 18. Qd4 Qb6 19. a4 Qxd4 20. Nxd4 Bxg2 21.
Kxg2 bxa4 22. Rxa4 Nb6 23. Ra6 Nbd5 24. Bd2 Rb7 25. Bc3 Nxc3 26. bxc3 Nd5 27.
Nc6 Nxc3 28. Rc1 Nd5 29. Rxc4 Ne7 30. Nxe7+ Rxe7 31. Rca4 h5 32. g4 hxg4 33.
hxg4 g6 34. Kg3 Kg7 35. f3 Rb8 36. Rxa7 Rxa7 37. Rxa7 Rb3 38. g5 Rc3 39. Kg4
Rc4+ 40. f4 Rb4 41. Rd7 Ra4 1/2-1/2

[Event "Russian Cup Final 2014"]
[Site "Khanty-Mansiysk RUS"]
[Date "2014.11.17"]
[Round "1.1"]
[White "Ponkratov, Pavel"]
[Black "Kokarev, Dmitry"]
[Result "1-0"]
[WhiteTitle "GM"]
[BlackTitle "GM"]
[WhiteElo "2624"]
[BlackElo "2624"]
[WhiteFideId "4157800"]
[BlackFideId "4132181"]
[EventDate "2014.11.17"]

1. e4 c5 2. Nf3 d6 3. d4 cxd4 4. Nxd4 Nf6 5. Nc3 a6 6. Be3 e5 7. Nf3 Be7 8. Bc4
O-O 9. O-O Nc6 10. a3 Be6 11. Qd3 b5 12. Ba2 Na5 13. Bg5 Nh5 14. Bc1 Nf6 15.
Bxe6 fxe6 16. Ng5 Qc8 17. Qh3 Re8 18. Qxe6+ Qxe6 19. Nxe6 Rac8 20. Re1 h6 21. f4
exf4 22. Nxf4 Bd8 23. Kf1 Nc4 24. Re2 Rc7 25. g3 Rce7 26. b3 Nb6 27. Be3 Nxe4
28. Bxb6 Nxc3 29. Rxe7 Bxe7 30. Re1 Kf7 31. Bd4 Bf6 32. Rxe8 Kxe8 33. Bxf6 gxf6
34. Ne6 Kd7 35. Nd4 Nb1 36. Ke2 Nxa3 37. Kd2 d5 38. g4 a5 39. Kc1 Kd6 40. Nf5+
Ke5 41. Nxh6 b4 42. h4 Nb5 43. Nf5 Nc3 44. h5 Ne4 45. h6 Ng5 46. Kd2 Kf4 47. Ne3
Ke4 48. Ke2 Nh7 49. Kd2 Nf8 50. Nf5 Kf4 51. Ne7 Kxg4 52. Nc6 Kg5 53. Nxa5 Kxh6
54. Nc6 Ng6 55. Nxb4 Ne7 56. Ke3 f5 57. Kf4 Kg6 58. Ke5 Kg5 59. Nd3 f4 60. b4 f3
61. b5 Ng6+ 62. Kd6 Nf4 63. Nf2 Kh4 64. b6 Kg3 65. Nd1 Ne2 66. b7 Nc3 67. Nxc3 1-0

[Event "Russian Cup Final 2014"]
[Site "Khanty-Mansiysk RUS"]
[Date "2014.11.18"]
[Round "1.2"]
[White "Smirnov, Pavel"]
[Black "Khismatullin, Denis"]
[Result "0-1"]
[WhiteTitle "GM"]
[BlackTitle "GM"]
[WhiteElo "2592"]
[BlackElo "2679"]
[WhiteFideId "4123425"]
[BlackFideId "4142578"]
[EventDate "2014.11.17"]

1. d4 Nf6 2. c4 e6 3. g3 Bb4+ 4. Nc3 O-O 5. Bg2 d5 6. a3 Be7 7. Qd3 c6 8. Nf3 b6
9. O-O a5 10. b3 Ba6 11. a4 Nbd7 12. Rd1 Bb4 13. Bf4 Qe7 14. Rac1 Rac8 15. Ne5
Nxe5 16. dxe5 Nd7 17. Qf3 Rfd8 18. h4 Qe8 19. h5 Bf8 20. h6 g6 21. Bg5 Be7 22.
Qf4 Nc5 23. Rb1 Qf8 24. e3 Rd7 25. Bxe7 Qxe7 26. Ne2 Rcd8 27. Nd4 dxc4 28. bxc4
Bb7 29. Kh2 Qf8 30. Rxb6 Nxa4 31. Rxb7 Rxb7 32. Bxc6 Rb4 33. Bxa4 Rxa4 34. c5
Rc4 35. Qf6 Re8 36. Nb5 Rxc5 37. Nd6 Qxh6+ 38. Kg2 Rf8 39. Ne4 Rd5 40. Rh1 Qg7
41. Qe7 h6 42. Nf6+ Kh8 43. Ng4 h5 44. Nf6 Rxe5 45. Nd7 Rg8 46. g4 f6 47. Qxg7+
Kxg7 48. Nxe5 fxe5 49. gxh5 a4 50. hxg6 Kxg6 51. Ra1 Kf5+ 52. Kf3 e4+ 53. Ke2
Ra8 54. Ra3 Kg4 55. Kd2 Kf3 56. Ke1 e5 57. Kf1 Rb8 58. Kg1 Rb1+ 59. Kh2 Kxf2 60.
Rxa4 Kxe3 61. Kg2 Rb2+ 62. Kg3 Kd3 63. Ra3+ Ke2 64. Ra5 e3 65. Rxe5 Rb8 66. Ra5
Rg8+ 67. Kh2 Ke1 0-1

[Event "Russian Cup Final 2014"]
[Site "Khanty-Mansiysk RUS"]
[Date "2014.11.18"]
[Round "1.2"]
[White "Sjugirov, Sanan"]
[Black "Pridorozhni, Aleksei"]
[Result "1/2-1/2"]
[WhiteTitle "GM"]
[BlackTitle "GM"]
[WhiteElo "2673"]
[BlackElo "2533"]
[WhiteFideId "4189302"]
[BlackFideId "4127870"]
[EventDate "2014.11.17"]

1. d4 d5 2. c4 e6 3. Nf3 Nf6 4. Bg5 Be7 5. Nc3 O-O 6. e3 c6 7. Be2 Nbd7 8. O-O
dxc4 9. a4 Nd5 10. Bxe7 Qxe7 11. Bxc4 Nxc3 12. bxc3 e5 13. a5 e4 14. Nd2 Nf6 15.
Qb3 Re8 16. Rfb1 Qc7 17. Qb4 Rb8 18. Qc5 b6 19. axb6 axb6 20. Qg5 Bd7 21. Qg3
Qxg3 22. hxg3 b5 23. Bf1 Be6 24. c4 bxc4 25. Nxc4 Bd5 26. Ne5 h5 27. Bc4 Ng4 28.
Bxd5 Rxb1+ 29. Rxb1 cxd5 30. Nxg4 hxg4 31. Rb5 Rd8 32. Kf1 Kf8 33. f3 gxf3 34.
gxf3 exf3 35. Kf2 Ke7 36. Kxf3 Ke6 37. Rb6+ Kf5 38. g4+ Kg5 39. Rb5 Kf6 40. e4
dxe4+ 41. Kxe4 Re8+ 42. Kf4 Re1 43. Rb6+ Ke7 44. Rb7+ 1/2-1/2

[Event "Russian Cup Final 2014"]
[Site "Khanty-Mansiysk RUS"]
[Date "2014.11.18"]
[Round "1.2"]
[White "Kryakvin, Dmitry"]
[Black "Jakovenko, Dmitry"]
[Result "1/2-1/2"]
[WhiteTitle "GM"]
[BlackTitle "GM"]
[WhiteElo "2548"]
[BlackElo "2745"]
[WhiteFideId "4153278"]
[BlackFideId "4122356"]
[EventDate "2014.11.17"]

1. Nf3 d5 2. g3 Bg4 3. Bg2 c6 4. O-O Nf6 5. d3 Nbd7 6. Nbd2 e5 7. e4 Bd6 8. h3
Bh5 9. exd5 cxd5 10. g4 Bg6 11. Nh4 O-O 12. Nxg6 hxg6 13. c4 Nc5 14. Nb3 dxc4
15. dxc4 Qc7 16. Be3 Rad8 17. Qc2 b6 18. Rad1 Ne6 19. a3 Be7 20. Rxd8 Rxd8 21.
Rc1 a5 22. Re1 g5 23. Nd2 g6 24. Nf3 Nd7 25. Rd1 Nf4 26. Bxf4 gxf4 27. Rd5 Bd6
28. g5 Nc5 29. Nd2 Ne6 30. h4 Kg7 31. Nf3 Nd4 32. Nxd4 exd4 33. Qe4 Bc5 34. b4
axb4 35. axb4 Rxd5 36. cxd5 Bd6 37. Qxd4+ Be5 38. Qe4 Qc3 39. Bf3 Bd6 40. b5 Qe5
41. Qc2 Bc5 42. Kg2 f6 43. gxf6+ 1/2-1/2

[Event "Russian Cup Final 2014"]
[Site "Khanty-Mansiysk RUS"]
[Date "2014.11.18"]
[Round "1.2"]
[White "Matlakov, Maxim"]
[Black "Ulko, Jaroslav"]
[Result "1-0"]
[WhiteTitle "GM"]
[BlackTitle "IM"]
[WhiteElo "2685"]
[BlackElo "2487"]
[WhiteFideId "4168003"]
[BlackFideId "4116658"]
[EventDate "2014.11.17"]

1. Nf3 e6 2. g3 b5 3. Bg2 Bb7 4. O-O Nf6 5. b3 Be7 6. Bb2 O-O 7. c4 bxc4 8. bxc4
d6 9. Qc2 Nbd7 10. d3 Rb8 11. Nbd2 c5 12. Rab1 Qc7 13. Bc3 Ba8 14. Nh4 Bxg2 15.
Nxg2 Qc6 16. Rxb8 Rxb8 17. Rb1 Rb6 18. Rxb6 Nxb6 19. Qb3 d5 20. e3 Ne8 21. Nf4
Bg5 22. cxd5 exd5 23. Ne2 Nc7 24. Nf3 Bf6 25. Bxf6 Qxf6 26. Kg2 Qc6 27. Qa3 Nc8
28. Nc3 Ne6 29. d4 cxd4 30. Nxd4 Nxd4 31. exd4 Qc4 32. Qc5 Nb6 33. Nb5 Qxa2 34.
Qe7 h6 35. Nd6 1-0

[Event "Russian Cup Final 2014"]
[Site "Khanty-Mansiysk RUS"]
[Date "2014.11.18"]
[Round "1.2"]
[White "Artemiev, Vladislav"]
[Black "Savchenko, Boris"]
[Result "0-1"]
[WhiteTitle "GM"]
[BlackTitle "GM"]
[WhiteElo "2660"]
[BlackElo "2598"]
[WhiteFideId "24101605"]
[BlackFideId "4147332"]
[EventDate "2014.11.17"]

1. c4 e5 2. Nc3 Nc6 3. Nf3 f5 4. d4 e4 5. d5 exf3 6. dxc6 bxc6 7. exf3 g6 8. Bd3
Qe7+ 9. Be2 Bg7 10. O-O Nh6 11. Bf4 Nf7 12. Re1 O-O 13. Rc1 Rb8 14. b3 d6 15.
Be3 c5 16. f4 c6 17. Bf3 Qc7 18. Qd3 Ba6 19. g3 Rfd8 20. Na4 Rb4 21. Qc2 Rbb8
22. Bd2 Re8 23. Bc3 Rf8 24. Bxg7 Kxg7 25. Qc3+ Kg8 26. Nb2 Rbe8 27. a3 Nd8 28.
Rxe8 Rxe8 29. Nd3 Ne6 30. Re1 Kf7 31. Bd1 Qd8 32. b4 Qf6 33. Qc2 Nd4 34. Qa4
Rxe1+ 35. Nxe1 Qe6 36. Qxa6 Qxe1+ 37. Kg2 Qxd1 38. Qxa7+ Kf6 39. Qxh7 Qf3+ 40.
Kg1 Ne6 41. Qh8+ Kf7 42. Qa8 Qb3 43. Qb7+ Kf6 44. Qxc6 cxb4 45. axb4 Qxb4 46.
Qc8 Qc5 47. Qa6 Ke7 48. h4 Nf8 49. Qa2 Qd4 50. Qe2+ Qe4 51. Qa2 Nd7 52. Qa4 Qe2
53. Qa6 Qc2 54. Qc6 Qb1+ 55. Kh2 Qf1 56. Qf3 Qxc4 57. h5 Qe4 58. Qd1 Nf6 59. f3
Qd5 60. Qe2+ Qe6 61. Qa6 gxh5 62. Qb7+ Qd7 63. Qb4 Kf7 64. Kh3 Kg6 65. Qd4 Qc6
66. Qe3 Qc5 67. Qe1 d5 68. Kh4 Qc2 69. Qg1 Qe2 0-1

[Event "Russian Cup Final 2014"]
[Site "Khanty-Mansiysk RUS"]
[Date "2014.11.18"]
[Round "1.2"]
[White "Bukavshin, Ivan"]
[Black "Demchenko, Anton"]
[Result "0-1"]
[WhiteTitle "GM"]
[BlackTitle "GM"]
[WhiteElo "2629"]
[BlackElo "2596"]
[WhiteFideId "4199758"]
[BlackFideId "4160258"]
[EventDate "2014.11.17"]

1. d4 Nf6 2. c4 g6 3. Nc3 Bg7 4. e4 O-O 5. Nf3 d6 6. Be2 e5 7. O-O Nc6 8. d5 Ne7
9. Qc2 Nh5 10. Rd1 f5 11. Ng5 fxe4 12. Ncxe4 Nf6 13. Nxf6+ Bxf6 14. Ne4 Nf5 15.
g4 Nd4 16. Qd3 Bg7 17. Bg5 Qd7 18. h3 c6 19. Be3 cxd5 20. cxd5 b6 21. Ng5 Qe7
22. Bf1 Bh6 23. Ne6 Bxe6 24. dxe6 Bxe3 25. fxe3 Nf3+ 26. Kh1 Qh4 27. Qe2 Ng5 28.
Qe1 Rf2 29. Rd2 Nxh3 30. Rxf2 Nxf2+ 31. Kg1 Rf8 32. Bg2 Nh3+ 33. Kh1 Rf2 34. e7
Nf4+ 35. Kg1 Rxg2+ 0-1

[Event "Russian Cup Final 2014"]
[Site "Khanty-Mansiysk RUS"]
[Date "2014.11.18"]
[Round "1.2"]
[White "Khairullin, Ildar"]
[Black "Goganov, Aleksey"]
[Result "0-1"]
[WhiteTitle "GM"]
[BlackTitle "GM"]
[WhiteElo "2625"]
[BlackElo "2609"]
[WhiteFideId "4151348"]
[BlackFideId "24109959"]
[EventDate "2014.11.17"]

1. c4 c5 2. Nf3 Nc6 3. Nc3 Nf6 4. e3 e6 5. d4 d5 6. cxd5 exd5 7. Bb5 Bd6 8. O-O
O-O 9. dxc5 Bxc5 10. b3 Bg4 11. Bb2 Rc8 12. Be2 Re8 13. Rc1 Bd6 14. Nd4 Bxe2 15.
Ncxe2 Ne4 16. Nf5 Be5 17. Bxe5 Nxe5 18. f3 Rxc1 19. Qxc1 Nd6 20. Nfd4 Nd7 21.
Nf4 Qa5 22. b4 Qxb4 23. Nxd5 Qc5 24. Qxc5 Nxc5 25. Rc1 Ne6 26. Nxe6 fxe6 27. Nf4
Kf7 28. Rc7+ Re7 29. Rc2 Ne8 30. Kf2 Rc7 31. Rd2 Ke7 32. e4 Nd6 33. Ne2 b5 34.
Nd4 a6 35. Ke2 Rc4 36. Nb3 g5 37. Na5 Rc7 38. Rd4 Rc2+ 39. Rd2 Rc1 40. Rd1 Rxd1
41. Kxd1 Kd7 42. Kc2 e5 43. Kc3 Kc7 44. Nb3 Nb7 45. Nd2 Kb6 46. a4 Nd6 47. axb5
Kxb5 48. Nf1 Kc5 49. Ne3 a5 50. Ng4 Nf7 51. Kb3 Kd4 52. Ka4 h5 53. Nf6 h4 54.
Kxa5 Ke3 55. Ng4+ Ke2 56. Kb4 Kf1 57. g3 Kg2 58. gxh4 gxh4 59. Kc5 Kxf3 60. Nf6
Kg2 61. Ng4 Kh3 62. Ne3 Kxh2 63. Kd5 h3 64. Ke6 Nh6 65. Kxe5 Kg1 66. Nf5 Nxf5 0-1

[Event "Russian Cup Final 2014"]
[Site "Khanty-Mansiysk RUS"]
[Date "2014.11.18"]
[Round "1.2"]
[White "Kokarev, Dmitry"]
[Black "Ponkratov, Pavel"]
[Result "1-0"]
[WhiteTitle "GM"]
[BlackTitle "GM"]
[WhiteElo "2624"]
[BlackElo "2624"]
[WhiteFideId "4132181"]
[BlackFideId "4157800"]
[EventDate "2014.11.17"]

1. c4 Nf6 2. g3 c6 3. Nf3 d5 4. Bg2 g6 5. b3 Bg7 6. Bb2 O-O 7. O-O Re8 8. d3
Nbd7 9. Nbd2 e5 10. cxd5 cxd5 11. Rc1 b6 12. Qc2 Ba6 13. b4 Bh6 14. Rfd1 Rc8 15.
Qa4 Rxc1 16. Bxc1 Qc8 17. Nb3 Bf8 18. Bg5 Bb7 19. Rc1 Qb8 20. Bh3 h6 21. Bh4 a6
22. Bxd7 b5 23. Bxb5 axb5 24. Qxb5 g5 25. Nxg5 hxg5 26. Bxg5 Nh7 27. Bd2 Rc8 28.
Nc5 Bxc5 29. Rxc5 Rxc5 30. Qxc5 Nf8 31. a4 Ne6 32. Qe7 d4 33. f3 Bd5 34. Kf2 Bb3
35. a5 Qb5 36. Qf6 Bd1 37. h4 Qd5 38. Be1 Ba4 39. Qf5 Bb5 40. h5 Qd6 41. Bd2 Ng7
42. Qg4 Qe6 43. Qh4 Qa2 44. Qd8+ Kh7 45. Qg5 Qe6 46. g4 Ne8 47. Bf4 exf4 48.
Qxb5 Nd6 49. Qc5 Qe3+ 50. Kf1 Nb7 51. Qc7 Kh6 52. a6 Kg5 53. axb7 1-0

[Event "Russian Cup Final 2014"]
[Site "Khanty-Mansiysk RUS"]
[Date "2014.11.18"]
[Round "1.3"]
[White "Ponkratov, Pavel"]
[Black "Kokarev, Dmitry"]
[Result "1-0"]
[WhiteTitle "GM"]
[BlackTitle "GM"]
[WhiteElo "2624"]
[BlackElo "2624"]
[WhiteFideId "4157800"]
[BlackFideId "4132181"]
[EventDate "2014.11.17"]

1. e4 c5 2. Nf3 d6 3. d4 cxd4 4. Nxd4 Nf6 5. Nc3 a6 6. Be3 e5 7. Nf3 Be7 8. Bc4
O-O 9. O-O Nc6 10. Qe2 Na5 11. Bd3 Be6 12. Na4 b5 13. Bb6 Qc8 14. Bxa5 bxa4 15.
Rfd1 Qb7 16. b4 Nh5 17. g3 Bg4 18. h3 Be6 19. Kh2 Nf6 20. c4 Nd7 21. Nd2 Nb8 22.
c5 dxc5 23. bxc5 Bxc5 24. Rac1 Qa7 25. f4 Nc6 26. Bc3 Bxa2 27. Ra1 Bb3 28. Nxb3
axb3 29. fxe5 Nd4 30. Qb2 Qb6 31. Ra4 Ne6 32. Bc4 Rfb8 33. Rda1 Bd4 34. Bxd4
Qxd4 35. Qxd4 Nxd4 36. Bd5 b2 37. Rb1 Ne2 38. Rc4 Ra7 39. Rxb2 1-0

[Event "Russian Cup Final 2014"]
[Site "Khanty-Mansiysk RUS"]
[Date "2014.11.18"]
[Round "1.3"]
[White "Sjugirov, Sanan"]
[Black "Pridorozhni, Aleksei"]
[Result "1-0"]
[WhiteTitle "GM"]
[BlackTitle "GM"]
[WhiteElo "2673"]
[BlackElo "2533"]
[WhiteFideId "4189302"]
[BlackFideId "4127870"]
[EventDate "2014.11.17"]

1. d4 d5 2. c4 e6 3. Nf3 Nf6 4. Bg5 h6 5. Bxf6 Qxf6 6. Nbd2 Nd7 7. g3 g6 8. Bg2
Bg7 9. Qb3 dxc4 10. Nxc4 O-O 11. O-O Qe7 12. Rac1 a5 13. a3 Ra6 14. Rfd1 a4 15.
Qe3 Re8 16. Rc2 c5 17. dxc5 Nxc5 18. Nce5 Nb3 19. Rd3 b6 20. Nc6 Qf8 21. Nb4 Ra5
22. Qxb6 Rc5 23. Rxc5 Qxc5 24. Qxc5 Nxc5 25. Rd2 Nb3 26. Rc2 Bb7 27. Ne1 Bxg2
28. Kxg2 Na1 29. Rc4 Bxb2 30. Nbd3 Bf6 31. Rxa4 Nb3 32. Nf3 Rc8 33. Ra7 Nd4 34.
e3 Nc6 35. Ra4 Rd8 36. Nc5 Be7 37. Ne4 f5 38. Ned2 g5 39. Ra6 Rc8 40. Nc4 Kg7
41. Nfe5 Nxe5 42. Nxe5 Kf6 43. Nd7+ Kf7 44. a4 Rc2 45. Ne5+ Kf6 46. Nf3 Rc5 47.
Nd4 Re5 48. Ra8 f4 49. exf4 gxf4 50. Nc6 Rf5 51. Nxe7 f3+ 52. Kh3 Kxe7 53. g4
Rg5 54. Kg3 h5 55. h3 hxg4 56. hxg4 Rc5 57. Kxf3 Kf6 58. Rf8+ Kg7 59. Rf4 Ra5
60. Rb4 Kf6 61. Kf4 Rc5 62. Re4 e5+ 63. Kf3 Ra5 64. Rb4 Ra8 65. Ke4 Ra5 66. f3
Kg5 67. Rb5 Rxa4+ 68. Kxe5 Rc4 69. Ke6+ Kg6 70. Rf5 Rc6+ 71. Kd5 Ra6 72. Ke4 1-0

[Event "Russian Cup Final 2014"]
[Site "Khanty-Mansiysk RUS"]
[Date "2014.11.18"]
[Round "1.3"]
[White "Savchenko, Boris"]
[Black "Artemiev, Vladislav"]
[Result "0-1"]
[WhiteTitle "GM"]
[BlackTitle "GM"]
[WhiteElo "2598"]
[BlackElo "2660"]
[WhiteFideId "4147332"]
[BlackFideId "24101605"]
[EventDate "2014.11.17"]

1. e4 c5 2. Nf3 e6 3. d4 cxd4 4. Nxd4 a6 5. c4 Nf6 6. Nc3 Qc7 7. Be2 d6 8. Be3
Nbd7 9. f4 b6 10. Rc1 Bb7 11. f5 e5 12. Nd5 Qd8 13. Ne6 fxe6 14. fxe6 Nc5 15.
O-O Be7 16. Bxc5 dxc5 17. Qa4+ b5 18. cxb5 O-O 19. bxa6 Bxd5 20. exd5 Qb6 21.
Qc2 c4+ 22. Kh1 Qxa6 23. Bxc4 Qd6 24. Bb3 e4 25. Qc7 Ng4 26. Qxd6 Bxd6 27. g3
Rxf1+ 28. Rxf1 Rf8 29. Rc1 e3 30. Bc4 Rf2 31. Kg1 Ne5 32. Be2 Rxe2 33. Rc8+ Bf8 0-1

[Event "Russian Cup Final 2014"]
[Site "Khanty-Mansiysk RUS"]
[Date "2014.11.18"]
[Round "1.4"]
[White "Kokarev, Dmitry"]
[Black "Ponkratov, Pavel"]
[Result "0-1"]
[WhiteTitle "GM"]
[BlackTitle "GM"]
[WhiteElo "2624"]
[BlackElo "2624"]
[WhiteFideId "4132181"]
[BlackFideId "4157800"]
[EventDate "2014.11.17"]

1. c4 c5 2. g3 g6 3. Bg2 Bg7 4. Nc3 Nc6 5. Nf3 e5 6. O-O Nge7 7. d3 d6 8. a3 a5
9. Rb1 O-O 10. Bd2 Rb8 11. a4 Nb4 12. Nb5 d5 13. cxd5 Nexd5 14. Bc3 Re8 15. Nd2
b6 16. Nc4 Re6 17. Qb3 Nc7 18. Bh3 Re7 19. Bxc8 Qxc8 20. Bxb4 cxb4 21. Ncd6 Qd8
22. Rbc1 Ne6 23. Rc6 Bf8 24. Qc4 Nc5 25. f4 Qd7 26. Rxc5 bxc5 27. fxe5 Qe6 28.
Qxe6 Rxe6 29. Nc4 Bg7 30. Nc7 Rxe5 31. e4 Rd8 32. Rf3 f5 33. Nxe5 Bxe5 34. Nd5
fxe4 35. dxe4 Bxb2 36. Nb6 Rd4 37. e5 Re4 38. Nd7 Bxe5 39. Rf8+ Kg7 40. Re8 Bd4+ 0-1